00458 2200169 4500001002100000005001500021008004100036020001800077035001900095041000700114082000800121090001700129100001900146245006100165260003200226300003000258INLIS00000000002446320241224131724241224||||||||| | ||| |||| || |  a979-662-554-3 0010-1224024463 aid0 a330 a330.03 AGU b0 aAgung Peryanto00aMateri Ekonomi volume 3 Spesialisasi Dan Pembagian Kerja aKlatenbCempaka Putihc2013 aiv;60 hlm ,; 21 x 29,7 cm